00591nam a2200133Ia 4500008004100000100002200041245012100063245012100184260005300305260001500358300000800373650001500381856006100396170221s9999 xx 000 0 und d aTatiana I. Chueva aApproaches to the Development of Endowment Funds in Russia as an Instrument of Mixed Financing of the Social Sphere  cTatiana I. Chueva, Gulsina M. Niyazova, Andrey V. Metsler, Dmitry V. Shkurkin, Gulmariam H. Aznabaeva, Leonid I. Kim bInternational Review of Management and Marketing cMarch 2016 a5:1 xMarketing. uhttp://www.econjournals.com/index.php/irmm/issue/view/70